000 00472cam a2200181ua 4500
020 _c900.00
041 _aeng
_h
082 _a664.07
_bDRI/FO
100 _aDris, Ramdane .
245 _aFood technology and quality evaluation /
_cRamdane Dris.
_hTextual Documents
260 _aMumbai :
_bOxford & IBH Book Company ,
_c2003.
300 _a273 ;
_e`.
365 _a900.00
504 _a
700 1 _aSharma, Arun .
942 _cBK
999 _c13081
_d13081